पद्मचन्द्रकोश (Record no. 1434883)
[ view plain ]
| 000 -LEADER | |
|---|---|
| fixed length control field | 01007nam a22002177a 4500 |
| 005 - DATE AND TIME OF LATEST TRANSACTION | |
| control field | 20250826105558.0 |
| 008 - FIXED-LENGTH DATA ELEMENTS--GENERAL INFORMATION | |
| fixed length control field | 250826b |||||||| |||| 00| 0 eng d |
| 037 ## - SOURCE OF ACQUISITION | |
| Terms of availability | REF |
| 040 ## - CATALOGING SOURCE | |
| Original cataloging agency | AL |
| Transcribing agency | AL |
| 041 ## - LANGUAGE CODE | |
| Source of code | San |
| Language code of text/sound track or separate title | Sanskrit |
| 084 ## - COLON CLASSIFICATION NUMBER | |
| Classification number | P15:4k 152M2 |
| Assigning agency | भाग 1 अ - न |
| 245 ## - TITLE STATEMENT | |
| Title | पद्मचन्द्रकोश |
| Remainder of title | : बहत् संस्कृत हिन्दी शब्दकोश |
| 260 ## - PUBLICATION, DISTRIBUTION, ETC. | |
| Place of publication, distribution, etc. | भारत, नई दिल्ल |
| Name of publisher, distributor, etc. | मेहरचन्द लछमनदास पब्लिकेशन्स |
| Date of publication, distribution, etc. | 1982 |
| 300 ## - PHYSICAL DESCRIPTION | |
| Extent | 489पृ0 |
| 365 ## - TRADE PRICE | |
| Price amount | 625 |
| 440 ## - SERIES STATEMENT/ADDED ENTRY--TITLE | |
| Volume/sequential designation | भाग 1 अ - न |
| 650 ## - SUBJECT ADDED ENTRY--TOPICAL TERM | |
| Source of heading or term | हिन्दी भाषा |
| 700 ## - ADDED ENTRY--PERSONAL NAME | |
| Personal name | गुप्त, धर्मेन्द्र कुमार |
| Relator term | म्कण् |
| 9 (RLIN) | 818864 |
| 700 ## - ADDED ENTRY--PERSONAL NAME | |
| Personal name | बन्धु, विपिनचन्द्र |
| Relator term | म्कण् |
| 9 (RLIN) | 818865 |
| 942 ## - ADDED ENTRY ELEMENTS (KOHA) | |
| Source of classification or shelving scheme | Colon Classification (CC) |
| Koha item type | Reference |
| Classification part | P15:4k 152M2 |
| Suppress in OPAC | No |
| Withdrawn status | Lost status | Source of classification or shelving scheme | Damaged status | Not for loan | Home library | Current library | Date acquired | Source of acquisition | Cost, normal purchase price | Inventory number | Total Checkouts | Full call number | Barcode | Date last seen | Price effective from | Koha item type |
|---|---|---|---|---|---|---|---|---|---|---|---|---|---|---|---|---|
| Colon Classification (CC) | Arts Library | Arts Library | 2025-08-26 | मेहरचन्द लछमनदास पब्लिकेशन्स | 625.00 | 4279 & 2014-12-18 | P15:4k 152M2 | AL1571390 | 2025-08-26 | 2025-08-26 | Reference |
